000 00377nam a2200133Ia 4500
005 20260326235446.0
008 260326s9999||||xx |||||||||||||| ||und||
100 _aGutiƩrrez, Samuel A.
245 0 _aTaboga :
_b Redescubrimiento de la isla y de su Arquitectura /
_cSamuel A. GutiƩrrez
260 _bEscala
300 _a105 p.
650 _aARQUITECTURA REGIONAL
942 _cBK
999 _c7591
_d7591